000 00813cab a2200229 4500
001 WB2741-07
008 090401t1991 xxu||||| |||| 00| 0 eng d
035 _a(Sirsi) u20559
041 _aeng
245 _aYielding fresh data on investment prospects
260 _c1991
350 _a0
490 _aScotsman
_v22 October 1991, 33(1)
520 _aAccording to the Scottish Investment Agents Club (SIAC), yields in all property sectors have moved out over the past year. Notes variations in sector and regional performances. Lists 12 members of SIAC.
650 _aREGIONAL VARIATIONS
650 _aSCOTLAND
650 _aSCOTTISH INVESTMENT AGENTS CLUB
650 _aYIELDS
690 _aPROPERTY-COMMERCIAL PROPERTY-COMMERCIAL PROPERTY FINANCE AND INVESTMENT
942 _n0
948 _c04/03/1997
999 _c13773
_d13773